| 000 -LEADER |
| fixed length control field |
00421cam a22001097a 4500 |
| 008 - FIXED-LENGTH DATA ELEMENTS--GENERAL INFORMATION |
| fixed length control field |
180718b1939 xxu||||| |||| 00| 0 eng d |
| 082 ## - DEWEY DECIMAL CLASSIFICATION NUMBER |
| Classification number |
A6x5422 C333t |
| 100 ## - MAIN ENTRY--PERSONAL NAME |
| Personal name |
Central Provinces and Berar. |
| 245 ## - TITLE STATEMENT |
| Title |
Selected records collected from the Central Provinces and Besar Secretariat relating to the suppression of thuggee, 1929-1832 |
| 260 ## - PUBLICATION, DISTRIBUTION, ETC. |
| Place of publication, distribution, etc. |
Nagpur |
| Name of publisher, distributor, etc. |
Government of Central Provinces and Berar |
| Date of publication, distribution, etc. |
1939 |
| 300 ## - PHYSICAL DESCRIPTION |
| Extent |
154+p. |